000 00968cam a22003253a 4500
001 514
003 PGUSA
005 20140828082949.0
008 960501s1996||||xxu|||||s|||||000 1 eng d
040 _aPGUSA
_beng
042 _adc
050 4 _aPS
100 1 _aAlcott, Louisa May,
_d1832-1888
245 1 0 _aLittle Women
_h[electronic resource] /
_cLouisa May Alcott
260 _bProject Gutenberg,
_c1996
506 _aPublic domain in the USA.
516 _aElectronic text
653 _aMarch family (Fictitious characters) -- Fiction
653 _aSisters -- Fiction
653 _aMothers and daughters -- Fiction
653 _aNew England -- Fiction
653 _aBildungsromans
653 _aFamily life -- New England -- Fiction
653 _aDomestic fiction
653 _aAutobiographical fiction
653 _aYoung women -- Fiction
830 0 _aProject Gutenberg
_v514
856 4 0 _uhttp://www.gutenberg.org/ebooks/514
942 _cEB
999 _c229865
_d229865